000 00770cam a2200229 a 4500
001 12167375
005 20180111041233.0
008 000908s2001 nyua 001 0 eng
010 _a 00047805
020 _a0130271802 (pbk. : alk. paper)
040 _aDLC
_cDLC
_dDLC
041 _aeng
080 _a428.24 SAS
082 0 0 _a428.24 SAS
_221
100 1 _a46
101 _aEDU
245 1 0 _aWorkplace plus, living and working in English 1 /
_cJoan Saslow, Tim Collins.
246 1 8 _aWorkplace plus 1
906 _a7
_bcbc
_corignew
_d1
_eocip
_f20
_gy-gencatlg
942 _2ddc
_cBK
999 _c40067
_d40067